000 00651cam a2200229 4500
001 4077
005 20230405152724.0
008 090605s2009 nyua 000 0deng
020 _a978075153529
020 _a978-0-7515-3752-9
100 1 _aAlbom, Mitch,
_d1958-
245 1 0 _aHave a little faith :
_ba true story /
_cMitch Albom.
260 _aLondon :
_bSphere,
_c2009.
300 _aviii, 254 p. :
_bill. ;
_c20 cm.
600 1 0 _aAlbom, Mitch,
_d1958-
_xReligion.
600 1 0 _aCovington, Henry P.
600 1 0 _aLewis, Albert L.
650 0 _aFaith (Judaism)
650 0 _aFaith.
942 _2ddc
_cMAIN
999 _c3338
_d3338